000 00554nam a22001937a 4500
003 KOHA_MİRAKIL
005 20250411134834.0
008 250411b tu ||||| |||| 00| 0 tur d
020 _a9789750532320
040 _aTR-AnABB
_btur
_cTR-AnABB
041 _atur
082 _a828.3354
_bMEL 2021
100 _aMelville, Herman,
_d1819-1891
245 1 0 _aYazıcı Bartleby /
_cHerman Melville
260 _aİstanbul :
_bİletişim Yayınları,
_c2021
300 _a99 sayfa ;
_c20 cm
650 0 4 _aAmerikan edebiyatı, roman
942 _2ddc
_cBK
999 _c8644
_d8644
900 _bGizem YORULMAZ